000 00563nam a2200205 a 4500
001 73070
003 BD-RjUL
005 20211209082339.0
008 170527s1985 a|||| |||| 000 0 eng d
035 _a(BD-RjUL)73288
040 _aBD-RjUL
_beng
_cBD-RjUL
_dBD-RjUL
041 _aeng
082 _223
_a616.07997
_bFRC 1985
100 1 _aFrank, Michael M
_9216138
245 1 _aComplement /
_cMichael M Frank
260 _aKalamazoo, Michigan :
_bUpjohn Company,
_c1985.
300 _a48 p. :
_bill.;
_c26 cm.
650 _aComplement
_9216139
942 _2ddc
_cBK
999 _c73070
_d73070